Составление расчётной схемы вала для определения критических скоростей центрифуги; Современные техника и технологии; Т. 1

Dades bibliogràfiques
Parent link:Современные техника и технологии: 12-я международная научно-практическая конференция студентов, аспирантов и молодых ученых, г. Томск, 27 марта - 31 марта 2006 г./ Томский политехнический университет.— , 2006
Т. 1.— 2006.— С. 224-225
Autor principal: Пушкарёв М. И. Максим Иванович
Altres autors: Замятин В. М. Владимир Маркович
Idioma:rus
Publicat: 2006
Matèries:
Format: MixedMaterials Capítol de llibre
KOHA link:https://koha.lib.tpu.ru/cgi-bin/koha/opac-detail.pl?biblionumber=113368

MARC

LEADER 00000naa2a2200000 4500
001 113368
005 20231031121806.0
035 |a (RuTPU)RU\TPU\book\122610 
090 |a 113368 
100 |a 20070410d2006 k y0rusy50 ca 
101 0 |a rus 
102 |a RU 
200 1 |a Составление расчётной схемы вала для определения критических скоростей центрифуги  |f М. И. Пушкарёв, В. М. Замятин 
320 |a Библиогр.: 2 назв. 
461 1 |0 (RuTPU)RU\TPU\book\111998  |t Современные техника и технологии  |o 12-я международная научно-практическая конференция студентов, аспирантов и молодых ученых, г. Томск, 27 марта - 31 марта 2006 г.  |o труды в 2 т.  |f Томский политехнический университет  |d 2006 
463 0 |0 (RuTPU)RU\TPU\book\111471  |t Т. 1  |v С. 224-225  |d 2006  |p 524 с. 
610 1 |a центрифуги 
610 1 |a расчётные схемы 
610 1 |a валы центрифуг 
610 1 |a скорость 
610 1 |a критическая скорость 
610 1 |a труды учёных ТПУ 
700 1 |a Пушкарёв  |b М. И.  |c специалист в области автоматического управления  |c ассистент кафедры Томского политехнического университета  |f 1987-  |g Максим Иванович  |2 stltpush  |3 (RuTPU)RU\TPU\pers\29785 
701 1 |a Замятин  |b В. М.  |c специалист в области машиностроения  |c доцент Томского политехнического университета, кандидат технических наук  |f 1951-  |g Владимир Маркович  |2 stltpush  |3 (RuTPU)RU\TPU\pers\24227 
801 1 |a RU  |b 63413507  |c 20070410  |g PSBO 
801 2 |a RU  |b 63413507  |c 20120726  |g RCR 
942 |c BK